Repertoire international des chercheurs et recherches en geographie du commerce = International guide to scholars and research in commercial geography / (Record no. 15117)

MARC details
000 -LEADER
fixed length control field 00784nam a22002052 4500
001 - CONTROL NUMBER
control field 0000012862
005 - DATE AND TIME OF LATEST TRANSACTION
control field 20151217161144.0
008 - FIXED-LENGTH DATA ELEMENTS--GENERAL INFORMATION
fixed length control field 090325s xx 000 0 eng d
040 ## - CATALOGING SOURCE
Original cataloging agency KABU
Transcribing agency KABU
100 1# - MAIN ENTRY--PERSONAL NAME
Personal name Metton, Alain.
-- 0000169826
245 10 - TITLE STATEMENT
Title Repertoire international des chercheurs et recherches en geographie du commerce = International guide to scholars and research in commercial geography /
Statement of responsibility, etc. Alain Metton.
250 ## - EDITION STATEMENT
Edition statement 1st ed.
260 ## - PUBLICATION, DISTRIBUTION, ETC. (IMPRINT)
Place of publication, distribution, etc. Paris :
Name of publisher, distributor, etc. Union Geographique Internationale,
Date of publication, distribution, etc. 1987.
300 ## - PHYSICAL DESCRIPTION
Extent 273 p.
650 #0 - SUBJECT ADDED ENTRY--TOPICAL TERM
Topical term or geographic name as entry element Commercial geography
Form subdivision Directories
General subdivision Research.
-- 0000169827
650 #0 - SUBJECT ADDED ENTRY--TOPICAL TERM
Topical term or geographic name as entry element Retail trade
Form subdivision Directories
General subdivision Research.
-- 0000169828
852 1# - LOCATION
-- p650 KES
908 ## - PUT COMMAND PARAMETER (RLIN)
Put command parameter 090325
950 ## - LOCAL HOLDINGS (RLIN)
-- 1
Holdings
Withdrawn status Lost status Source of classification or shelving scheme Not for loan Home library Current library Date acquired Total Checkouts Full call number Barcode Date last seen Price effective from Koha item type
    Library of Congress Classification Not For Loan Kabarak, Main Campus Kabarak, Main Campus 17/12/2015   HF1027 .M48 1987 c. 1 17331 17/12/2015 17/12/2015 Reference
Designed with assistance from East African Informatics Ltd